Mosby護理診斷手冊 = (Record no. 7650)

MARC details
000 -記錄標示
fixed length control field 01105cam a2200337 i 4500
001 - 控制號(記錄識別欄)
control field 005673438
003 - 控制號標識
控制識別號 yeezen
005 - 最後更新時間
control field 20250703142209.0
008 - 定長欄資料代碼
fixed length control field 231124s2021 ch g 000 0 chi d
020 ## - 國際標準書號
國際標準書號 9789869906722
限定資訊 (平裝) :
價格與相關資訊 [新臺幣850元]
040 ## - 編目來源
原編目機構 NCNU
編目語言 chi
移轉機構 NCNU
修改機構 NCNU
編目規則代碼 CCR
041 1# - 語言代碼
正文或其他題名語言代碼 chi
翻譯作品原文 eng
042 ## - 編目審定機構代碼
編定審定機構代碼 nbic
084 ## - 其它分類號
分類號 419.812
090 ## - 館藏紀錄
Classification number (OCLC) (R) ; Classification number, CALL (RLIN) (NR) 419.812
100 1# - 主要款目--主要著者
個人姓名 Ladwig, Gail B.
著作方式
245 10 - 題名及著者敘述項
正題名 Mosby護理診斷手冊 =
其他題名 Mosby's guide to nursing diagnosis /
著者敍述 Gail B. Ladwig等原著 ; 邱文心翻譯
246 3# - 題名的其他形式
題名 護理診斷手冊
246 31 - 題名的其他形式
題名 Mosby's guide to nursing diagnosis.
250 ## - 版本項
版本敍述 6版
260 ## - 出版項
出版地 臺北市 :
出版者 臺灣愛思唯爾,
出版年 2021.11
300 ## - 稽核項
數量(面數, 冊數或其他) 863面 ;
高廣尺寸 21公分
500 ## - 一般註
一般註 著者譯爲蓋爾·B·拉德維格
500 ## - 一般註
一般註 題名取自版權頁
500 ## - 一般註
一般註 附錄 : 聽力喪失與視力喪失的護理照護計畫
504 ## - 書目註
書目註 參考書目 : 面[835]-863.
650 #7 - 標題附加款目--主題用語
主題用語 護理診斷
標題系統出處 lcstt.
700 1# - 附加款目--個人名稱
個人姓名 邱文心
相關職責詞語 翻譯
765 0# - 譯自款目
主標目 Mosby's guide to nursing diagnosis, 6e.
942 ## - 附加款目元素 (KOHA)
分類法來源 中文圖書分類法
Koha 館藏類型 長期借閱書籍
Holdings
撤銷狀態 遺失狀態 分類號來源 損壞狀態 不外借 永久館藏地 現在館藏地 書架位置 採購日期 全部借出 全部續借 完整索書號 條碼號 還書日 最後一次日期記錄 Date last checked out 一般價格有效日期 Koha館藏類型
未註銷館藏 未遺失 中文圖書分類法 未損毀 可外借 怡仁綜合醫院圖書館 怡仁綜合醫院圖書館 急診 2025-07-03 4 1 419.812 C03237 2026-06-30 2026-01-02 2026-01-02 2025-07-03 長期借閱書籍
未註銷館藏 未遺失 中文圖書分類法 未損毀 可外借 怡仁綜合醫院圖書館 怡仁綜合醫院圖書館 五樓病房 2025-07-03 4 1 419.812 C03236 2026-06-30 2026-01-05 2026-01-05 2025-07-03 長期借閱書籍
怡仁醫院| 地址:32643桃園市楊梅區楊新北路321巷30號 | 服務專線:03-4855566 | 電子郵件信箱:
Copyright © 1996 CHC Hospital